000 00962nam a2200325 a 4500
001 000114375
003 CHAP
005 20220329144438.0
008 180117s1970 ve |r| ||||||spa d
010 _a110836
011 _a111808
040 _cCHAP
082 0 4 _a306.7
_bW17
100 1 _aWalker, Kenneth
_9134362
245 1 0 _aFisiologia del sexo /
_cpor Kenneth Walker.
260 _aCaracas, Ven. :
_bTiempo Nuevo,
_c1970.
300 _a123 p.
490 _aLibros de bolsillo de tiempo nuevo
_v10
534 _pTít. original :
_tThe Physiology of Sex
590 _aE5765TAJ
_b05
_c20180117
_lUCH01
_h0904
590 _aE5765TAJ
_b05
_c20180117
_lUCH01
_h0908
590 _aE5765TAJ
_b05
_c20180117
_lUCH01
_h0913
650 1 4 _aConducta sexual.
_9124838
650 1 4 _aSexo (Biología)
_9105418
650 1 4 _aSexualidad humana.
_9105427
830 0 _aLibros de bolsillo de tiempo nuevo
_v10
_9134375
901 _aBK
942 _cLIBRO
942 _n0
999 _c110836
_d110836